My Chemical Romance Mama Lyrics - Statistics

General Stats
  • This quiz has been taken 1,339 times
  • The average score is 296 of 370
Answer Stats
Answer % Correct
a
100%
A
100%
Ma
100%
Mama
100%
we
100%
We
100%
all
99%
go
99%
hell
99%
I
99%
to
99%
To
99%
you
98%
You
98%
and
97%
And
97%
the
95%
well
95%
We'll
95%
Well
95%
so
94%
So
94%
die
93%
let
93%
we're
93%
We're
93%
me
92%
gonna
91%
I'm
90%
son
90%
this
90%
when
90%
When
90%
letter
88%
wishing
88%
writing
88%
for
87%
For
87%
my
87%
better
86%
of
86%
been
85%
no
85%
us
84%
don't
83%
girl
83%
your
83%
baby
82%
now
82%
Oh
82%
oh
82%
raise
81%
cry
80%
they
80%
could
79%
should've
79%
flies
78%
full
78%
lies
78%
If
77%
if
77%
just
77%
love
77%
on
77%
blame
76%
have
76%
never
76%
coffin
75%
famous
75%
meant
75%
raised
75%
return
75%
see
75%
size
75%
in
74%
made
74%
yeah
74%
hate
73%
I'd
73%
right
73%
right!
73%
legs
72%
building
71%
they're
71%
asking
69%
mother
69%
Stop
69%
tongue
69%
what
69%
done
68%
questions
68%
that
68%
amputate
67%
infection
65%
can
63%
war
63%
once
62%
did
61%
shit
61%
sweetheart
61%
bathe
60%
fires
60%
gun
60%
But
59%
at
58%
call
58%
I've
58%
It's
57%
sing
57%
smell
57%
song
57%
with
57%
would
57%
except
55%
mine
55%
quite
55%
really
55%
then
54%
coddle
53%
fuck
53%
pleasant
53%
maybe
52%
ain't
50%
you've
49%
mind
48%
said
48%
place
45%
after
44%
She
44%
that's
44%
ashes
43%
carry
43%
fall
43%
eyes
41%
out
40%
manners
39%
fortune
38%
from
38%
I'll
38%
are
37%
find
37%
flame
37%
show
35%
Through
35%
way
35%
damned
34%
tomorrow
32%
arms
30%
Brothers
30%
brothers
30%
glass
30%
along
28%
our
28%
One
27%
four
26%
high
26%
three
26%
two
26%
gone
25%
stay
25%
there's
22%
No matching quizzes found
Score Distribution
Percent of People with Each Score
Percentile by Number Answered
Your Score History
You have not taken this quiz